00481nam a2200169Ia 4500003000400000005001700004008004100021020002900062040001700091082002100108100002100129245006700150260002500217300001900242650002500261650002500286IIN20240125112307.0231217s9999 xx 000 0 und d cRs.795.00a9788123924298 aIINbEnglish a610.73 bTHA1 aThresyamma, C.P.1 aBasic Nursing Procedure Manual and EssentialscC.P. Thresyamma bCBSaNew Delhic2014 a[14], 3-619 p.1 aFoundationvNursing 1 aProcedure vNursing